Statistics for Harry Potter Name Unscrambling Quiz

Click here to take the quiz!

General Stats

  • This quiz has been taken 57 times
  • The average score is 10 of 15

Answer Stats

HintAnswer% Correct
Last name: LIHFCFILCH
98%
Last name: OAFLMYMALFOY
90%
First name: IVELELNNEVILLE
84%
First name: ULISUCLUCIUS
82%
First name: SILFUIFILIUS
80%
Last name: LAGNLACMGOMCGONAGALL
78%
Last name: ENGARRGGRANGER
74%
Last name: RAFFKORKAKARKAROFF
74%
First name: UMASSESEAMUS
66%
First name: LATASORALASTOR
60%
Last name: DERMIBUGUMBRIDGE
56%
First name: ADRENELVLAVENDER
40%
Last name: MANGLECGMCLAGGEN
30%
Last name: VOLOEDOGLOVEGOOD
24%
First name: ROBEHFARTABERFORTH
22%

Score Distribution

Percentile by Number Answered

Percent of People with Each Score

Your Score History

You have not taken this quiz